Statistics for Super Mario Odyssey Kingdom Sub-Names

Click here to take the quiz!

General Stats

  • This quiz has been taken 113 times
  • The average score is 11 of 17

Answer Stats

Main NameSub Name% Correct
Metro KingdomNew Donk City
88%
Snow KingdomShiveria
77%
Cap KingdomBonneton
75%
Cascade KingdomFossil Falls
75%
Mushroom KingdomPeach’s Castle
72%
Sand KingdomTostarena
71%
Lake KingdomLake Lamode
67%
Wooded KingdomSteam Gardens
61%
Seaside KingdomBubblaine
60%
Lost KingdomForgotten Isle
60%
Luncheon KingdomMount Volbono
59%
Cloud KingdomNimbus Arena
56%
Dark SideRabbit Ridge
56%
Bowser’s KingdomBowser’s Castle
55%
Moon KingdomHoneylune Ridge
55%
Ruined KingdomCrumbleden
39%
Darker SideCulmina Crater
35%

Score Distribution

Percentile by Number Answered

Percent of People with Each Score

Your Score History

You have not taken this quiz